00671nam a22002177a 450000500170000000800410001702000180005804000210007604100080009708200130010524500850011825000120020326000330021530000100024865000620025870000270032070000250034770000250037270000270039770000290042420240828102939.0240828b |||||||| |||| 00| 0 eng d a9789358494655 aIN-DiNCcIN-DiNC dasm a370bART aArtha samajikbhabe pispora gootsamuhar babe siksha/cby Nabanita Deka and others a1st ed. aDibrugarh:bBanalata,c2024. a322p. aEducation for the socio economically disadvantaged groups aDeka, Nabanitaeauthor aGogoi, Nituleauthor aGogoi, Alakaeauthor aGogoi, Minarameauthor aPatgiri, Chandaneauthor